000 00332nab a22001097u 4500
008 130520b1982 xxu||||| |||| 00| 0 spa d
041 _aspa
100 1 _aHerik, J. Van
_967252
245 0 0 _aCrítica feminista del psicoanálisis clásico
_cJ. van Herik
773 0 _tConcilium
_gV.2,1982,págs.411-415
_x0210-1041
_wRev134
942 _cAR
999 _c354878
_d354878